[Event "Barbera del Valles op 34th"]
[Site "Barbera del Valles"]
[Date "2011.07.10"]
[Round "7"]
[White "Losada Carrera, Francisco Javier"]
[Black "Amores Gago, Javier"]
[Result "0-1"]
[WhiteElo "2231"]
[BlackElo "2041"]
[PlyCount "98"]
[EventDate "2011.07.04"]
[EventType "swiss"]
[EventRounds "9"]
[EventCountry "ESP"]
[SourceTitle "CBM 143 Extra"]
[Source "ChessBase"]
[SourceDate "2011.08.29"]
[SourceVersion "1"]
[SourceVersionDate "2011.08.29"]
[SourceQuality "1"]

1. e4 d6 2. d4 Nf6 3. Nc3 e5 4. dxe5 dxe5 5. Qxd8+ Kxd8 6. Bg5 c6 7. 0-0-0+ Kc7 8. f4 h6 9. Bxf6 gxf6 10. Bc4 Be6 11. Bxe6 fxe6 12. fxe5 fxe5 13. Nf3 Nd7 14. Rhf1 Be7 15. Rd2 Rad8 16. Rfd1 b5 17. Ne2 h5 18. c3 a5 19. Kc2 Rhg8 20. Ng3 h4 21. Nf1 Nc5 22. Re2 Rxd1 23. Kxd1 Nd3 24. Rd2 Nf4 25. Nxe5 Bd6 26. Nf3 Nxg2 27. Nd4 e5 28. Nf5 Bc5 29. Ke2 Nf4+ 30. Kf3 Nh3 31. N1e3 Ng5+ 32. Ke2 Nxe4 33. Rd1 Rf8 34. Rg1 Bxe3 35. Kxe3 Rxf5 36. Kxe4 Rf2 37. Kxe5 Rxb2 38. h3 Rh2 39. a4 bxa4 40. Rg4 Rxh3 41. Rxa4 Kb6 42. Rg4 Kb5 43. Kd6 Rd3+ 44. Kc7 h3 45. c4+ Kc5 46. Rg5+ Kxc4 47. Rxa5 Kb4 48. Kb6 Ra3 49. Rh5 c5 0-1

[Event "Barbera del Valles op 34th"]
[Site "Barbera del Valles"]
[Date "2011.07.07"]
[Round "4"]
[White "Losada Carrera, Francisco Javier"]
[Black "Balague Camps, Marc"]
[Result "0-1"]
[WhiteElo "2231"]
[BlackElo "2119"]
[PlyCount "66"]
[EventDate "2011.07.04"]
[EventType "swiss"]
[EventRounds "9"]
[EventCountry "ESP"]
[SourceTitle "CBM 143 Extra"]
[Source "ChessBase"]
[SourceDate "2011.08.29"]
[SourceVersion "1"]
[SourceVersionDate "2011.08.29"]
[SourceQuality "1"]

1. e4 c5 2. Nf3 e6 3. d3 Nc6 4. g3 d5 5. Nbd2 Nge7 6. Bg2 g6 7. 0-0 Bg7 8. Re1 b6 9. c3 a5 10. Qa4 0-0 11. e5 Ba6 12. c4 Qc7 13. Qb3 Nxe5 14. Nxe5 Bxe5 15. Nf3 Bd6 16. Bh6 Rfe8 17. cxd5 exd5 18. Bh3 Bc8 19. Bxc8 Raxc8 20. Nh4 Be5 21. Re2 Bf6 22. Bf4 Qc6 23. Nf3 Nf5 24. Rae1 Rxe2 25. Rxe2 g5 26. Be5 Re8 27. d4 g4 28. Qd3 gxf3 29. Qxf3 Bxe5 30. Qxf5 Bxd4 31. Qg4+ Bg7 32. Rxe8+ Qxe8 33. h4 Qe6 0-1

[Event "Barbera del Valles op 34th"]
[Site "Barbera del Valles"]
[Date "2011.07.06"]
[Round "3"]
[White "Van der Veen, Ronald"]
[Black "Losada Carrera, Francisco Javier"]
[Result "1-0"]
[WhiteElo "2034"]
[BlackElo "2231"]
[PlyCount "112"]
[EventDate "2011.07.04"]
[EventType "swiss"]
[EventRounds "9"]
[EventCountry "ESP"]
[SourceTitle "CBM 143 Extra"]
[Source "ChessBase"]
[SourceDate "2011.08.29"]
[SourceVersion "1"]
[SourceVersionDate "2011.08.29"]
[SourceQuality "1"]

1. d4 c5 2. Nf3 cxd4 3. Nxd4 d5 4. Bf4 Nd7 5. Bg3 e5 6. Nb3 Ngf6 7. e3 Qc7 8. Be2 Bb4+ 9. c3 Bd6 10. 0-0 0-0 11. N1d2 Nb6 12. Rc1 Be6 13. Qc2 a5 14. Nf3 h6 15. Rfd1 Ne4 16. Nbd2 Nxg3 17. hxg3 Rac8 18. e4 dxe4 19. Nxe4 Be7 20. Nh4 g5 21. Nf3 f5 22. Ned2 Bf6 23. c4 e4 24. Nxe4 fxe4 25. Qxe4 Rce8 26. c5 Nc8 27. Bb5 Re7 28. Rd2 Bxa2 29. Qc2 Na7 30. Ba4 Bf7 31. Rd6 Be8 32. Bb3+ Kg7 33. Nd4 Bxd4 34. Rxd4 Bg6 35. Qc4 Qe5 36. Rd6 Qxb2 37. Rxg6+ Kxg6 38. Bc2+ Kg7 39. Rd1 Qf6 40. Rd6 Qxf2+ 41. Kh2 Rf6 42. Rd8 Ref7 43. Qe4 Rf5 44. Qe8 Rf8 45. Rd7+ R5f7 46. Qe5+ Qf6 47. Qe4 Kh8 48. Rd6 Qg7 49. Rg6 Qh7 50. Qe6 Re7 51. Qd6 Nc8 52. Qd4+ Rg7 53. Rf6 Rxf6 54. Bxh7 Rff7 55. Be4 Rd7 56. Qf6 Na7 1-0

[Event "Barbera del Valles op 34th"]
[Site "Barbera del Valles"]
[Date "2011.07.05"]
[Round "2"]
[White "Losada Carrera, Francisco Javier"]
[Black "Jareno Badenas, Aleix"]
[Result "0-1"]
[WhiteElo "2231"]
[BlackElo "2026"]
[PlyCount "80"]
[EventDate "2011.07.04"]
[EventType "swiss"]
[EventRounds "9"]
[EventCountry "ESP"]
[SourceTitle "CBM 143 Extra"]
[Source "ChessBase"]
[SourceDate "2011.08.29"]
[SourceVersion "1"]
[SourceVersionDate "2011.08.29"]
[SourceQuality "1"]

1. e4 e6 2. d3 d5 3. Nd2 c5 4. Ngf3 Nc6 5. g3 Nf6 6. Bg2 Be7 7. 0-0 0-0 8. Re1 b5 9. e5 Nd7 10. Nf1 a5 11. h4 b4 12. N1h2 Ba6 13. Bf4 a4 14. a3 bxa3 15. bxa3 Rb8 16. Ng5 c4 17. dxc4 Bxc4 18. Qh5 Bxg5 19. hxg5 Qe8 20. Qh3 Nd4 21. Bf1 Nxc2 22. Bxc4 dxc4 23. Kg2 Nxe1+ 24. Rxe1 Rb3 25. Rh1 Qa8+ 26. Kg1 Rb1+ 27. Nf1 Qe4 28. g6 Qxg6 29. Qg2 Qd3 30. Rh3 Rfb8 31. g4 Qc2 32. Kh2 Nf8 33. Ne3 Qa2 34. Rf3 c3 35. g5 c2 36. Ng4 c1Q 37. Bxc1 Rxc1 38. Qg3 Qb1 39. Kh3 Qg6 40. Nh2 Qh5+ 0-1

[Event "Sitges op 34th"]
[Site "Sitges"]
[Date "2008.??.??"]
[Round "2"]
[White "Losada Carrera, Francisco Javier"]
[Black "Czakon, Jakub"]
[Result "0-1"]
[WhiteElo "2165"]
[BlackElo "2510"]
[PlyCount "58"]
[EventDate "2008.07.22"]
[EventType "swiss"]
[EventRounds "9"]
[EventCountry "ESP"]
[SourceTitle "CBM 125 Extra"]
[Source "ChessBase"]
[SourceDate "2008.09.01"]
[SourceVersion "1"]
[SourceVersionDate "2008.09.01"]
[SourceQuality "1"]

1. e4 c5 2. Nf3 d6 3. d4 cxd4 4. Nxd4 Nf6 5. Nc3 a6 6. Be3 e5 7. Nb3 Be7 8. Be2 Be6 9. 0-0 Nbd7 10. a4 Nb6 11. Qd2 Nc4 12. Bxc4 Bxc4 13. Rfd1 h6 14. f3 0-0 15. Qf2 Rc8 16. Bb6 Qd7 17. Na5 Be6 18. Nd5 Nxd5 19. exd5 Bf5 20. c4 Bf6 21. b4 e4 22. Ra3 exf3 23. gxf3 Rfe8 24. c5 dxc5 25. bxc5 Re5 26. Qd2 Rce8 27. c6 bxc6 28. dxc6 Qxd2 29. Rxd2 Bh3 0-1

[Event "Barbera del Valles op-A 30th"]
[Site "Barbera del Valles"]
[Date "2007.07.13"]
[Round "8"]
[White "Swati, Mohota"]
[Black "Losada Carrera, Francisco Javier"]
[Result "1-0"]
[WhiteElo "2121"]
[BlackElo "2183"]
[PlyCount "101"]
[EventDate "2007.07.06"]
[EventType "swiss"]
[EventRounds "9"]
[EventCountry "ESP"]
[SourceTitle "CBM 119 Extra"]
[Source "ChessBase"]
[SourceDate "2007.09.04"]
[SourceVersion "1"]
[SourceVersionDate "2007.09.04"]
[SourceQuality "1"]

1. d4 c5 2. d5 Nf6 3. c4 b5 4. Nf3 d6 5. Qc2 g6 6. e4 bxc4 7. Bxc4 Nfd7 8. b3 Bg7 9. Bb2 0-0 10. Bxg7 Kxg7 11. 0-0 Nb6 12. Nbd2 e5 13. dxe6 fxe6 14. Rad1 Nc6 15. e5 Nb4 16. Qb2 d5 17. a3 Nc6 18. Bb5 Qc7 19. Rc1 Nd7 20. Ng5 Re8 21. f4 Rb8 22. Bxc6 Qxc6 23. Qc3 h6 24. Nh3 Bb7 25. Qg3 Kh7 26. Nf2 Ba6 27. Rfe1 Rf8 28. Qh4 Rbe8 29. Ng4 h5 30. Nf2 Qb6 31. Kh1 Qd8 32. Qg3 Qe7 33. Nh3 Kg7 34. Nf3 Bd3 35. Nh4 Bf5 36. Ng5 Rb8 37. h3 a5 38. Qf3 a4 39. bxa4 c4 40. Rc3 Ra8 41. Nxf5+ Rxf5 42. g4 hxg4 43. hxg4 Rff8 44. Kg2 Rh8 45. Rh1 Nxe5 46. Qe2 Nd3 47. Rxd3 cxd3 48. Qe5+ Qf6 49. Nxe6+ Kf7 50. Ng5+ Kg7 51. Qc7+ 1-0

[Event "Barbera del Valles op-A 30th"]
[Site "Barbera del Valles"]
[Date "2007.07.06"]
[Round "1"]
[White "Losada Carrera, Francisco Javier"]
[Black "Cuartas, Jaime Alexander"]
[Result "0-1"]
[WhiteElo "2183"]
[BlackElo "2504"]
[PlyCount "90"]
[EventDate "2007.07.06"]
[EventType "swiss"]
[EventRounds "9"]
[EventCountry "ESP"]
[SourceTitle "CBM 119 Extra"]
[Source "ChessBase"]
[SourceDate "2007.09.04"]
[SourceVersion "1"]
[SourceVersionDate "2007.09.04"]
[SourceQuality "1"]

1. e4 c5 2. Nf3 Nc6 3. d4 cxd4 4. Nxd4 Nf6 5. Nc3 e6 6. Ndb5 Bb4 7. a3 Bxc3+ 8. Nxc3 d5 9. exd5 exd5 10. Qe2+ Be6 11. Bg5 h6 12. Bh4 d4 13. 0-0-0 Qe7 14. Ne4 g5 15. Nxf6+ Qxf6 16. Bg3 0-0-0 17. Qd2 Qf5 18. f4 Qd5 19. fxg5 hxg5 20. b3 Qc5 21. Kb2 Qc3+ 22. Kb1 Qxd2 23. Rxd2 a6 24. Bd3 f5 25. Re1 Bd7 26. h3 Rde8 27. Ree2 f4 28. Bf2 Re3 29. Bc4 g4 30. Bxe3 dxe3 31. Rd1 gxh3 32. gxh3 Rxh3 33. Rf1 Nd4 34. Ree1 Nf3 35. Kb2 Nxe1 36. Rxe1 Rh2 37. Kc3 Bg4 38. Rg1 Bf5 39. Bd3 Bxd3 40. Kxd3 Rd2+ 41. Ke4 Rf2 42. Kd3 e2 43. Kd2 f3 44. Ke1 Rh2 45. Kd2 e1Q+ 0-1

[Event "Sitges op 32nd"]
[Site "Sitges"]
[Date "2006.07.26"]
[Round "6"]
[White "Lacasa Diaz, Jose Antonio"]
[Black "Losada Carrera, Francisco Javier"]
[Result "1-0"]
[WhiteElo "2420"]
[BlackElo "2195"]
[PlyCount "51"]
[EventDate "2006.07.21"]
[EventType "swiss"]
[EventRounds "9"]
[EventCountry "ESP"]
[SourceTitle "CBM 113 Extra"]
[Source "ChessBase"]
[SourceDate "2006.09.14"]
[SourceVersion "1"]
[SourceVersionDate "2006.09.14"]
[SourceQuality "1"]

1. e4 c5 2. Nf3 d6 3. d4 cxd4 4. Nxd4 Nf6 5. Nc3 a6 6. Be3 e5 7. Nf3 Qc7 8. Bg5 Nbd7 9. a4 h6 10. Bh4 Be7 11. Nd2 0-0 12. Bc4 Re8 13. Qe2 b6 14. 0-0 Bb7 15. Rfd1 Nc5 16. Bxf6 Bxf6 17. Bd5 Ne6 18. Bxb7 Qxb7 19. Nc4 Nd4 20. Qd3 Qc6 21. Nd5 Bd8 22. Ra3 b5 23. axb5 axb5 24. Rxa8 bxc4 25. Qa3 f5 26. Rxd8 1-0

[Event "Barbera del Valles op 29th"]
[Site "Barbera del Valles"]
[Date "2006.07.11"]
[Round "7"]
[White "Asensio Linan, Teodoro"]
[Black "Losada Carrera, Francisco Javier"]
[Result "1/2-1/2"]
[WhiteElo "2236"]
[BlackElo "2199"]
[PlyCount "73"]
[EventDate "2006.07.05"]
[EventType "swiss"]
[EventRounds "9"]
[EventCountry "ESP"]
[SourceTitle "CBM 113 Extra"]
[Source "ChessBase"]
[SourceDate "2006.09.14"]
[SourceVersion "1"]
[SourceVersionDate "2006.09.14"]
[SourceQuality "1"]

1. d4 d5 2. c4 e6 3. Nc3 Nf6 4. cxd5 exd5 5. Bg5 Be7 6. Qc2 0-0 7. e3 Nbd7 8. Bd3 h6 9. Bf4 c6 10. h3 Qa5 11. Nf3 c5 12. Bf5 cxd4 13. Nxd4 Nc5 14. 0-0 Ne6 15. Nb3 Qb6 16. Be5 Nc7 17. Nd4 Ne6 18. Nde2 Qc6 19. Rac1 Nd7 20. Bg3 Bf6 21. Rfd1 Nb6 22. a4 Rd8 23. a5 Nc4 24. e4 dxe4 25. Bxe4 Qa6 26. Rxd8+ Bxd8 27. Qd3 Bxa5 28. Nd5 Bd7 29. Ne7+ Kf8 30. Qxd7 Nb6 31. Ng6+ Kg8 32. Qd1 Rd8 33. Ne7+ Kf8 34. Bd6 Nc4 35. Ng6+ Kg8 36. Ne7+ Kf8 37. Ng6+ 1/2-1/2

[Event "Barbera del Valles op 29th"]
[Site "Barbera del Valles"]
[Date "2006.07.10"]
[Round "6"]
[White "Losada Carrera, Francisco Javier"]
[Black "Chalmeta Ugas, Jordi Ramon"]
[Result "1-0"]
[WhiteElo "2199"]
[BlackElo "2096"]
[PlyCount "61"]
[EventDate "2006.07.05"]
[EventType "swiss"]
[EventRounds "9"]
[EventCountry "ESP"]
[SourceTitle "CBM 113 Extra"]
[Source "ChessBase"]
[SourceDate "2006.09.14"]
[SourceVersion "1"]
[SourceVersionDate "2006.09.14"]
[SourceQuality "1"]

1. e4 e6 2. d3 d5 3. Nd2 Nf6 4. Ngf3 c5 5. g3 Nc6 6. Bg2 dxe4 7. dxe4 e5 8. 0-0 Be7 9. c3 0-0 10. Qc2 Qc7 11. Nc4 Rd8 12. Bg5 Ne8 13. Ne3 Bxg5 14. Nxg5 h6 15. Nf3 Be6 16. Nh4 Nd6 17. Qe2 b5 18. Qh5 Nc4 19. Nef5 Kh7 20. g4 Bxf5 21. exf5 f6 22. g5 fxg5 23. Qg6+ Kg8 24. Qxc6 Qxc6 25. Bxc6 Rac8 26. Bxb5 Nd6 27. Ng6 Nxb5 28. Ne7+ Kf7 29. Nxc8 Rxc8 30. Rad1 Rc7 31. a4 1-0

[Event "Garcia Ilundain Memorial U20"]
[Site "Catalunya"]
[Date "2006.??.??"]
[Round "?"]
[White "Perez Manas, Benjamin"]
[Black "Losada Carrera, Francisco Javier"]
[Result "0-1"]
[WhiteElo "1926"]
[BlackElo "2202"]
[PlyCount "93"]
[EventDate "2006.??.??"]
[EventType "swiss"]
[EventRounds "9"]
[EventCountry "ESP"]
[SourceTitle "EXT 2022"]
[Source "ChessBase"]
[SourceDate "2021.10.06"]
[SourceVersion "1"]
[SourceVersionDate "2021.10.06"]
[SourceQuality "1"]

1. d4 Nf6 2. c4 c5 3. e3 g6 4. Nc3 Bg7 5. Nf3 0-0 6. Be2 cxd4 7. exd4 d5 8. 0-0 Nc6 9. Be3 a6 10. a3 dxc4 11. Bxc4 b5 12. Be2 e6 13. Ne5 Bb7 14. Bf3 Qc7 15. Nxc6 Bxc6 16. Rc1 Bxf3 17. Qxf3 Qd7 18. Rfd1 Rac8 19. Bg5 Nd5 20. Nxd5 Qxd5 21. Qxd5 exd5 22. Be3 f5 23. f3 Rfe8 24. Kf2 Kf7 25. b3 Rxc1 26. Rxc1 Bf8 27. Rc7+ Re7 28. Rxe7+ Kxe7 29. Ke2 Kd7 30. a4 Kc6 31. Kd3 Bb4 32. Bd2 Bxd2 33. Kxd2 Kb6 34. Kc3 Ka5 35. axb5 Kxb5 36. g4 f4 37. h4 h6 38. h5 g5 39. Kc2 Kb4 40. Kb2 a5 41. Kc2 a4 42. bxa4 Kxa4 43. Kc3 Ka3 44. Kc2 Kb4 45. Kd3 Kb3 46. Kd2 Kc4 47. Ke1 0-1

[Event "Barbera del Valles op 28th"]
[Site "Barbera del Valles"]
[Date "2005.07.04"]
[Round "1"]
[White "Losada Carrera, Francisco Javier"]
[Black "Pablo Marin, Alejandro"]
[Result "0-1"]
[WhiteElo "2194"]
[BlackElo "2424"]
[PlyCount "100"]
[EventDate "2005.07.04"]
[EventType "swiss"]
[EventRounds "9"]
[EventCountry "ESP"]
[SourceTitle "CBM 107 Extra"]
[Source "ChessBase"]
[SourceDate "2005.09.01"]
[SourceVersion "1"]
[SourceVersionDate "2005.09.01"]
[SourceQuality "1"]

1. e4 c5 2. Nf3 d6 3. d4 cxd4 4. Nxd4 Nf6 5. Nc3 a6 6. Be3 e5 7. Nb3 Be6 8. f3 Be7 9. Qd2 0-0 10. 0-0-0 Nbd7 11. g4 Nb6 12. h4 Rc8 13. Kb1 Qc7 14. h5 Nfd7 15. g5 f5 16. g6 f4 17. Bxb6 Nxb6 18. h6 hxg6 19. Bh3 Qd7 20. Nd5 Nxd5 21. Qxd5 Bxd5 22. Bxd7 Bc4 23. Bxc8 Rxc8 24. Rh2 gxh6 25. Rxh6 Kg7 26. Rdh1 Bg8 27. Nc1 d5 28. Nd3 Bg5 29. R6h2 dxe4 30. fxe4 Bf6 31. Nf2 Rd8 32. b3 Rd2 33. Kc1 Re2 34. Kd1 Re3 35. Rh8 Be7 36. R8h2 Be6 37. Rh7+ Kf6 38. Rg1 Bc5 39. Rh6 Rg3 40. Rf1 Rg2 41. Ke1 Kg7 42. Rhh1 Bd4 43. c4 g5 44. a4 g4 45. Rh4 Kg6 46. Rh8 g3 47. Nd1 Kg7 48. Rfh1 Rg1+ 49. Rxg1 Kxh8 50. Rh1+ Kg7 0-1